Gitana con pandereta : (Registro nro. 15480)
[ vista simple ]
| 000 -LEADER | |
|---|---|
| fixed length control field | 01126nam a22002537a 4500 |
| 003 - CONTROL NUMBER IDENTIFIER | |
| control field | OSt |
| 005 - DATE AND TIME OF LATEST TRANSACTION | |
| control field | 20210324142732.0 |
| 008 - FIXED-LENGTH DATA ELEMENTS--GENERAL INFORMATION | |
| fixed length control field | 210324s2012 ck |||gr|||| 00| 0dspa d |
| 020 ## - INTERNATIONAL STANDARD BOOK NUMBER | |
| International Standard Book Number | 9785986642569 |
| 040 ## - CATALOGING SOURCE | |
| Original cataloging agency | CO-JMCR |
| Transcribing agency | CO-JMCR |
| 041 ## - LANGUAGE CODE | |
| Language code of text/sound track or separate title | spa |
| 082 04 - DEWEY DECIMAL CLASSIFICATION NUMBER | |
| Classification number | 709.034 / |
| Item number | P818g |
| Edition number | 23 |
| 100 1# - MAIN ENTRY--PERSONAL NAME | |
| Personal name | Pontón Castro, Adriana, |
| Relator term | autora |
| 9 (RLIN) | 7634 |
| 245 10 - TITLE STATEMENT | |
| Title | Gitana con pandereta : |
| Remainder of title | la Bohémienne au tambour de basque de Jean-Baptiste Camille Corot / |
| Statement of responsibility, etc. | Adriana Pontón Castro ; traducción Gabriel Santiago Pontón Castro |
| 260 ## - PUBLICATION, DISTRIBUTION, ETC. | |
| Place of publication, distribution, etc. | Bogotá : |
| Name of publisher, distributor, etc. | Banco de la República, |
| Date of publication, distribution, etc. | 2012 |
| 300 ## - PHYSICAL DESCRIPTION | |
| Extent | 20 páginas : |
| Other physical details | ilustraciones a color ; |
| Dimensions | 22 cm |
| 490 0# - SERIES STATEMENT | |
| Series statement | Colección de arte |
| 504 ## - BIBLIOGRAPHY, ETC. NOTE | |
| Bibliography, etc. note | Bibliografía : páginas 22. |
| 520 0# - SUMMARY, ETC. | |
| Summary, etc. | En el año 2000 el artista Fernando Botero donó al Banco de la República una colección de arte que reúne ciento veintitrés obras de su propia autoría y cinco obras de artistas internacionales. |
| 650 14 - SUBJECT ADDED ENTRY--TOPICAL TERM | |
| Topical term or geographic name entry element | Trabajos artísticos |
| 9 (RLIN) | 36486 |
| 650 24 - SUBJECT ADDED ENTRY--TOPICAL TERM | |
| Topical term or geographic name entry element | Museo Botero |
| Geographic subdivision | Bogotá (Colombia) |
| 9 (RLIN) | 36487 |
| 700 1# - ADDED ENTRY--PERSONAL NAME | |
| Personal name | Pontón Castro, Gabriel Santiago, |
| Relator term | traductor |
| 9 (RLIN) | 36488 |
| 942 ## - ADDED ENTRY ELEMENTS (KOHA) | |
| Source of classification or shelving scheme | Dewey Decimal Classification |
| Koha item type | Books |
| Withdrawn status | Lost status | Source of classification or shelving scheme | Damaged status | Not for loan | Home library | Current library | Shelving location | Date acquired | Source of acquisition | Total Checkouts | Full call number | Barcode | Date last seen | Date last checked out | Copy number | Price effective from | Koha item type |
|---|---|---|---|---|---|---|---|---|---|---|---|---|---|---|---|---|---|
| Dewey Decimal Classification | Biblioteca Pública José María del Castillo y Rada | Biblioteca Pública José María del Castillo y Rada | General Stacks | Donación | 1 | 709.034 / P818g | 201810961 | 10/29/2024 | 10/28/2024 | Ej.1 | Books |